000
00294nam a2200121Ia 4500
008
190216s9999||||xx |||||||||||||| ||und||
100
_a
"Cosmic Kapoor S K,Cosmic Kapoor R D"
245
0
_a
Practice Vedic Mathematics
260
_b
Lotus
300
_a
268
650
_a
Mathematics
942
_c
BK
999
_c
32090
_d
32090